000 00699nam a2200241 i 4500
001 15570
003 ES-MaACL
005 20230906151115.0
007 t|
008 000331s1999 sp |||| |dspa d
020 _a84-89846-98-7
080 _a821.111(73)-992"18"
100 1 _aMelville, Herman.
_980033
245 1 0 _aOmú
_b: un relato de aventuras en los Mares del Sur /
_cHerman Melville ; traducción, Ana Poljak.
250 _a1ª ed.
260 _aBarcelona :
_bAlba,
_c1999.
300 _a435 p. ;
_c21 cm.
490 1 _aAlba clásica ;
_v31
700 1 _aPoljak, Ana.
_992837
830 0 _aAlba clásica ;
_v31
_9179792
852 _aES-MaACL
_jL-22792
999 _c15570
_d15570